Série Marvel Netflix - Jessica Jones - Statistiques

Statistiques générales
  • Ce quiz a été pris 7 fois
  • Le résultat moyen est 6 sur 33
Statistiques - réponses
Réponse % Correct
Jessica Jones
100%
Luke Cage
86%
Kilgrave
29%
Alisa Jones
14%
Brett Mahoney
14%
Brianna "Berry" Gelden
14%
Claire Temple
14%
Dorothy Walker
14%
Dr Karl Malus
14%
Eddy Costa
14%
Erik Gelden
14%
Franklin "Foggy" Nelson
14%
Gillian
14%
Grace
14%
Gregory Salinger
14%
Griffin Sinclair
14%
Hope Shlottman
14%
Inez Green
14%
Jeri Hogarth
14%
Kith Lyonne
14%
Malcolm Ducasse
14%
Oscar Arocho
14%
Pam
14%
Peter Lyonne
14%
Pryce Cheng
14%
Ruth Sunday
14%
Steven Benowitz
14%
Trish "Patsy" Walker
14%
Turk Barrett
14%
Vido Arocho
14%
Wendy Ross-Hogarth
14%
Will Simpson / Nuke
14%
Zaya Okonjo
14%
Aucun quiz correspondant
Distribution des résultats
% des personnes avec chaque résultat
Percentile par nombre de réponses
Votre historique - résultats
Vous n’avez pas pris ce quiz